[Event "Let's Play Chess!"]
[Site "http://www.queenalice.com/game.php?id=1439377"]
[Date "2016.9.3"]
[Round "-"]
[White "chessplayer123"]
[Black "ericbsantana"]
[Result "1-0"]
[WhiteElo "1843"]
[BlackElo "1100"]

1. e4 Nf6 2. Bc4 d5 3. e5 dxc4 4. exf6 exf6 5. Nf3 Bg4 6. Nc3 Bd6 7. d4 c5 8.
dxc5 Bxc5 9. Qxd8+ Kxd8 10. Bf4 Re8+ 11. Ne2 Nd7 12. c3 Ne5 13. Bxe5 fxe5 14.
O-O-O+ Kc8 15. h3 Bxf3 16. gxf3 Bxf2 17. Kb1 e4 18. Nf4 b6 19. Nd5 Rd8 20. fxe4
g6 21. Rhf1 Bc5 22. Rxf7 Rd7 23. Nxb6+ Bxb6 24. Rdxd7 Bc5 25. Rxh7 Rb8 26. Rdg7
Rb7 27. Rg8+ 1-0

[Event "AUTO-OPEN-3700"]
[Site "http://www.queenalice.com/game.php?id=1439481"]
[Date "2016.9.3"]
[Round "1"]
[White "Bategoll"]
[Black "ericbsantana"]
[Result "1-0"]
[WhiteElo "1858"]
[BlackElo "1100"]

1. d4 d5 2. Nf3 Nf6 3. e3 Bg4 4. Be2 e6 5. c3 c6 6. b4 b5 7. a4 a6 8. axb5 cxb5
9. Bxb5+ Nfd7 10. Be2 Bd6 11. Nbd2 O-O 12. Nf1 Nf6 13. Ng3 Bxf3 14. Bxf3 1-0

[Event "AUTO-OPEN-3700"]
[Site "http://www.queenalice.com/game.php?id=1439482"]
[Date "2016.9.3"]
[Round "1"]
[White "ericbsantana"]
[Black "Bategoll"]
[Result "0-1"]
[WhiteElo "1100"]
[BlackElo "1856"]

1. f4 e5 2. e3 exf4 3. exf4 d5 4. Nc3 Bc5 5. Nf3 Nf6 6. d4 Bd6 7. Bd3 c6 8. O-O
O-O 9. Be3 Bg4 10. Qe2 Re8 11. Nd1 Bxf4 12. Bxf4 Rxe2 13. Bxe2 Ne4 14. Bxb8 Rxb8
0-1

[Event "Let's Play Chess!"]
[Site "http://www.queenalice.com/game.php?id=1439561"]
[Date "2016.9.4"]
[Round "-"]
[White "ericbsantana"]
[Black "chessplayer123"]
[Result "0-1"]
[WhiteElo "1100"]
[BlackElo "1787"]

1. f4 d5 2. Nf3 e6 3. b3 Nf6 4. Bb2 Be7 5. e3 c6 6. Bd3 Nbd7 7. O-O Nb6 8. Nc3
O-O 9. Ne2 Nbd7 10. Ne5 Re8 11. Nd4 c5 12. Ndf3 Nf8 13. Qe1 Ng6 14. Qg3 a6 15.
a4 Bd7 16. Rf2 Bd6 17. c4 dxc4 18. bxc4 Ne7 19. Nxd7 Qxd7 20. Bxf6 Ng6 21. Nh4
gxf6 22. Rf3 f5 23. Qg5 Qe7 24. Qxe7 Bxe7 25. Nxg6 hxg6 26. Rb1 Rab8 27. e4 Bf6
28. exf5 exf5 0-1

[Event "Let's Play Chess!"]
[Site "http://www.queenalice.com/game.php?id=1439599"]
[Date "2016.9.5"]
[Round "-"]
[White "igorjava"]
[Black "ericbsantana"]
[Result "1-0"]
[WhiteElo "1968"]
[BlackElo "1075"]

1. e4 c6 2. d4 d5 3. Nc3 Nf6 4. e5 Ne4 5. Nxe4 dxe4 6. h3 Be6 7. c4 Bd7 8. g4 e6
9. Bg2 c5 10. d5 exd5 11. cxd5 1-0

[Event "Let's Play Chess!"]
[Site "http://www.queenalice.com/game.php?id=1439737"]
[Date "2016.9.5"]
[Round "-"]
[White "chessplayer123"]
[Black "ericbsantana"]
[Result "1-0"]
[WhiteElo "1734"]
[BlackElo "1075"]

1. e4 c6 2. d4 d5 3. exd5 cxd5 4. Nf3 Nf6 5. Nc3 Nc6 6. Bb5 Bd7 7. O-O e6 8. Bg5
Be7 9. Be3 O-O 10. Be2 Bb4 11. a3 Bxc3 12. bxc3 Ne4 13. Bd2 Re8 14. Re1 Qf6 15.
Bd3 e5 16. Bxe4 dxe4 17. Rxe4 Bf5 18. Bg5 Qg6 19. Re3 Re6 20. Qe1 f6 21. Bh4 e4
22. Nd2 Qh5 23. Bg3 Rae8 24. d5 R6e7 25. dxc6 bxc6 26. Nb3 1-0

[Event "AUTO-OPEN-3701"]
[Site "http://www.queenalice.com/game.php?id=1439819"]
[Date "2016.9.5"]
[Round "1"]
[White "vizela"]
[Black "ericbsantana"]
[Result "1-0"]
[WhiteElo "1705"]
[BlackElo "1100"]

1. e4 c6 2. Bc4 d5 3. exd5 cxd5 4. Bb5+ Bd7 5. Bxd7+ Nxd7 6. d4 Ngf6 7. Nc3 e6
8. Nf3 Bb4 9. Bd2 O-O 10. a3 Bxc3 11. Bxc3 1-0

[Event "Challenge"]
[Site "http://www.queenalice.com/game.php?id=1439843"]
[Date "2016.9.5"]
[Round "-"]
[White "chessplayer123"]
[Black "ericbsantana"]
[Result "1-0"]
[WhiteElo "1789"]
[BlackElo "1100"]

1. e4 c6 2. d4 d5 3. e5 Bf5 4. c3 Nd7 5. f4 e6 6. Nf3 Ne7 7. Be3 Qb6 8. b4 f6 9.
Be2 Ng6 10. a4 Be4 11. a5 Qc7 12. Na3 f5 13. Ng5 Ke7 14. Bf3 Re8 15. Bxe4 fxe4
16. Qg4 Kd8 17. Qxe6 Rxe6 18. Nxe6+ Kc8 19. Nxc7 Kxc7 20. O-O-O 1-0

[Event "Challenge"]
[Site "http://www.queenalice.com/game.php?id=1439844"]
[Date "2016.9.5"]
[Round "-"]
[White "ericbsantana"]
[Black "chessplayer123"]
[Result "0-1"]
[WhiteElo "1075"]
[BlackElo "1732"]

1. f4 e5 2. e3 exf4 3. exf4 d5 4. Nf3 Nf6 5. d4 c6 6. b3 Nbd7 7. Bb2 Nb6 8. Bd3
Be7 9. O-O O-O 10. Ne5 Bg4 11. Qe1 Bd6 12. Nd2 Bh5 13. Ndf3 Nbd7 14. g3 Ng4 15.
Nxg4 Bxg4 16. c4 Nf6 17. Be2 Ne4 18. cxd5 cxd5 19. h3 Bxh3 20. Rf2 Nxf2 0-1

[Event "Challenge"]
[Site "http://www.queenalice.com/game.php?id=1440193"]
[Date "2016.9.7"]
[Round "-"]
[White "ericbsantana"]
[Black "Magro_de_Riga"]
[Result "0-1"]
[WhiteElo "1100"]
[BlackElo "2039"]

1. f4 d5 2. Nf3 Nf6 3. e3 Nc6 4. Bb5 Bd7 5. b3 a6 6. Bxc6 Bxc6 7. Bb2 e6 8. O-O
Bc5 9. Ne5 d4 10. exd4 Bxd4+ 11. Bxd4 Qxd4+ 12. Kh1 Qxa1 13. Nxc6 bxc6 14. Qf3
O-O 15. Qxc6 Rfc8 0-1